000 00969nam a2200217 a 4500
008 120416s1979 ||||||||||||||||| || u
020 _a0333217055
050 _aHG 3821 Int
100 _aMartin, John P
245 1 0 _aTrade and payments adjustment under flexible exchange rates
_cedited by John P. Martin
246 _apapers of the second annual conference of the International Economics Study Group
260 _aLondon
_bMacmillan
_c1979
300 _axix, 250p. : ill
350 _a0.00
650 _aFOREIGN EXCHANGE--CONGRESSES
650 0 _aECONOMICS
700 _aSmith, Alasdair
710 _aInternational Economics Study Group
995 _aMAIN LIBRARY OPEN ACCESS
_D0.00
_e722587
_FCBU-MAIN LIBRARY (Kitwe)
_H1
_I35.00
_jHG 3821 Int
_M1
_UAVAILABLE
_y007742
_ZMain Library Open Access Collection
995 _aMAIN LIBRARY OPEN ACCESS
_D0.00
_e722588
_FCBU-MAIN LIBRARY (Kitwe)
_H2
_I35.00
_jHG 3821 Int
_M2
_UAVAILABLE
_y007743
_ZMain Library Open Access Collection
999 _c81382
_d81382